01474nam a2200349 a 4500001001000000003000500010005001700015008004100032010001100073011001100084040000900095090001000104100004300114245011700157260004100274500006000315502007700375590004100452590004000493590004000533590004000573650003200613650005100645650004000696856007000736901000700806942001000813942000600823999001900829952013600848952014000984000110877CHAP20220329144149.0141014s2014 mx a |sm |||||||spa d a107339 a108311 cCHAP aTesis1 aZamora Becerra, Bernabé Lino912862110aCaracterización de semillas de Euphorbia strigosa Hook & Arnh[En línea]cpor Bernabé Lino Zamora Becerra. aChapingo, Méx. :bEl autor,c2014. aPara ver el contenido del material haga clic en la liga aTesis (Ing. Agr. Esp. en Fitotecnia) -- UACH. Departamento de Fitotecnia aE11695DGDb10c20141122lUCH01h1419 aE5652GLJb05c20141014lUCH01h1453 aE5652GLJb05c20141014lUCH01h1453 aE5652GLJb05c20141017lUCH01h094214aEuphorbia strigosa.912862814aSemillasxFisiología y morfología.910390214aSemillasxIdentificación.9103904 aFinding aiduhttp://10.13.5.2/tesis/sist110877.pdfzTeclea aquí aBK cTESIS n0 c107339d107339 00104054718TESISaBCbBCd2014-10-17fTESISl0oTesisp33724002425330r2019-12-31 00:00:00w2019-12-31yTESISzRecien adquirido 00102local4053708TESISaBCbBCcPA_TESISd2014-10-17fTESISl0oTesisp33724002425371r2019-12-31 00:00:00tc.2w2019-12-31yTESIS